| 000 | 00877nam a2200253Ia 4500 | ||
|---|---|---|---|
| 003 | OSt | ||
| 005 | 20221005113328.0 | ||
| 006 | a|||||r|||| 00| 0 | ||
| 007 | ta | ||
| 008 | 221004b |||||||| |||| 00| 0 pan d | ||
| 020 |
_a8130202476 _c250 |
||
| 024 | _a117064 | ||
| 037 |
_b505, 02/02/2011, H.K. Prakashan _cTextual |
||
| 040 |
_aCRL _cCRL _bpan |
||
| 041 |
_2pan _apan |
||
| 082 | _aV243, 153Q0 | ||
| 100 | _aਬੰਬੇਲੀ, ਵਿਜੈ | ||
| 245 | 0 | _aਕੰਢੀ ਇਲਾਕੇ ਦੇ ਪਿੰਡਾਂ ਦਾ ਇਤਿਹਾਸ | |
| 260 |
_aਪਟਿਆਲਾ _bਪਬਲੀਕੇਨ ਬਿਊਰੋ ਭਾਰਤ _c2010 |
||
| 300 |
_a232ਪੰ _ccm. |
||
| 650 | _aਪੰਜਾਬ-ਇਤਿਹਾਸ | ||
| 942 |
_hV243, 153Q0 _cTEXL _2cc |
||
| 999 |
_c1027820 _d1027820 |
||